000 01051nac a22004210a 4500
001 PT54329
003 AR-LpoUNG
005 20210201005528.0
008 201001s1994||||sp |||||||||||||||||spa d
020 _a847583664X
_c$28
040 _aAR-LpoUNG
_bspa
_eaacr
041 _aspa
044 _asp
082 0 _aR909 794eur-v1
100 1 _aMatthew, Donald
245 1 0 _aEuropa medieval :
_braíces de la cultura moderna
260 _aBarcelona :
_bFolio,
_c[1994].
300 _a128 p. :
_bil., mapas, gráfs., fot.
_3Impreso
490 0 _aAtlas culturales del mundo
650 4 _aANALISIS HISTORICO
650 4 _aARTE
650 4 _aASPECTOS GEOGRAFICOS
650 4 _aATLAS
650 4 _aCIVILIZACION
650 4 _aCULTURA
650 4 _aEDAD MEDIA
650 4 _aESPAÑA
650 4 _aEUROPA
650 4 _aFACTORES CULTURALES
650 4 _aHISTORIA
650 4 _aISLAM
650 4 _aMATERIAL DE REFERENCIA
650 4 _aRELIGION
651 4 _aMundial
653 _aFEUDALISMO
905 _a54329
942 _cLSALA
999 _c50072
_d50072